| 000 -LEADER | |
|---|---|
| fixed length control field | 00378nam a22001457a 4500 |
| 020 ## - INTERNATIONAL STANDARD BOOK NUMBER | |
| ISBN | 978184400766 |
| 050 ## - LIBRARY OF CONGRESS CALL NUMBER | |
| Classification number | HD69 |
| 100 ## - MAIN ENTRY--AUTHOR NAME | |
| Personal name | Shone, Anton |
| Personal name | Parry, Bryn |
| 245 ## - TITLE STATEMENT | |
| Title | Successful event management |
| 250 ## - EDITION STATEMENT | |
| Edition statement | 2nd ed |
| 260 ## - PUBLICATION, DISTRIBUTION, ETC. (IMPRINT) | |
| Place of publication | London |
| Name of publisher | South-Western Cenggae=ge |
| Year of publication | 2004 |
| 300 ## - PHYSICAL DESCRIPTION | |
| Number of Pages | xvi, 246p.:ill., includes bibliographical references and index |
| 942 ## - ADDED ENTRY ELEMENTS (KOHA) | |
| Koha item type | Books |
| Koha item type | Collection code | Shelving location | Accession Number | Permanent Location | Current Location | Date acquired | Full call number |
|---|---|---|---|---|---|---|---|
| Books | Lending | Lending | 1371 | Chapman Library | Chapman Library | 2016-04-28 | HD69sho |
| Books | Lending | Lending | 1372 | Chapman Library | Chapman Library | 2016-04-28 | HD69sho |
| Books | Reference | Reference | 1373 | Chapman Library | Chapman Library | 2016-04-28 | HD69sho |

